000
00249nam a22001217a 4500
040
_c
SY
082
_a
596
100
_a
MARSHALL
245
_a
Physiology of mammals and other vertebrates
260
_a
RUA
_b
MAR
_c
2004
300
_a
343p.
942
_c
KB
999
_c
9689
_d
9689